Sistemas de transmisión de televisión digital propuesta para Costa Rica

Salvato in:
Dettagli Bibliografici
Autore principale: Castro Murillo, Luis Diego
Natura: Libro
Pubblicazione: [San José, Costa Rica] 2004
Soggetti:
Tags: Aggiungi Tag
Nessun Tag, puoi essere il primo ad aggiungerne!!

MARC

LEADER 00000nam a2200000Ia 4500
003 009402
005 20221231144135.0
008 140114s2004 cr a m 000 ||s d
040 |c cru CEDI 
090 |a TFG 4943 
100 |a Castro Murillo, Luis Diego  |9 6314 
245 |a Sistemas de transmisión de televisión digital propuesta para Costa Rica 
260 |c 2004  |a  [San José, Costa Rica] 
300 |a  xvi, 125 hojas : ilustraciones (algunas a color), 1 mapa color  
500 |a  Proyecto de graduación (bachillerato en ingeniería eléctrica)--Universidad de Costa Rica. Facultad de Ingeniería. Escuela de Ingeniería Eléctrica 
650 |x TELEVISION DIGITAL   |x COSTA RICA  |9 6315 
942 |c TFG 
999 |c 17477  |d 17477